000 00710nam a22001937a 4500
005 20100814150554.0
010 _aENG-100531
020 _a9788189746896
_c95.00
035 _aEN-84064
037 _bDBAD/PUB
082 _a181.4
100 _aRakhit, Maanoj
_913480
245 _aTurning point :
_bmy journing to him /
_cby Maanoj Rakhit
260 _aMumbai
_bMaanoj Rahkit
_c2002
270 _aBuldg. No. 8 Flat No. 604 Discovery CHSL Duttapada Marg, Borivali East,
_bMumbai
_e400066
300 _a88p.
_c21cm (pbk)
942 _2ddc
_cEN
_h181.4
_mRAK
999 _c41949
_d41949